[Event "Araraquara op"]
[Site "Araraquara"]
[Date "2023.02.20"]
[Round "3.36"]
[White "Lima, Carlos Eduardo Corr"]
[Black "De Santana, Ezio Carvalho"]
[Result "0-1"]
[WhiteElo "1724"]
[BlackElo "1763"]
[PlyCount "70"]
[EventDate "2023.02.19"]
[EventType "swiss"]
[EventRounds "6"]
[EventCountry "BRA"]
[SourceTitle "CBM 213 Extra"]
[Source "ChessBase"]
[SourceDate "2023.05.31"]
[SourceVersion "1"]
[SourceVersionDate "2023.05.31"]
[SourceQuality "1"]

1. e4 c5 2. Nf3 d6 3. c3 Nf6 4. Bd3 Bg4 5. Bc2 Nc6 6. d3 e5 7. Nbd2 g6 8. a4 Bh6 9. h3 Be6 10. b3 Nh5 11. Nf1 Bg7 12. Ng3 Nxg3 13. fxg3 0-0 14. Be3 f5 15. Qd2 f4 16. gxf4 exf4 17. Bf2 Qa5 18. d4 cxd4 19. Nxd4 Rac8 20. 0-0-0 Bf7 21. Kb2 a6 22. Rhe1 Ne5 23. Bd3 Rc7 24. Ne2 f3 25. Nd4 fxg2 26. Rc1 Nxd3+ 27. Qxd3 Bxb3 28. Nxb3 Rxf2+ 29. Ka3 Rxc3 30. Rxc3 Qxc3 31. Qd5+ Rf7 32. Rg1 Qb2+ 33. Kb4 Bc3+ 34. Kc4 Kg7 35. Qe5+ Bxe5 0-1